| 000 | 00671nam a22002057a 4500 | ||
|---|---|---|---|
| 003 | 0 | ||
| 005 | 20250429151340.0 | ||
| 008 | 250429b xxu||||| |||| 00| 0 eng d | ||
| 020 | _a9786214272082 | ||
| 050 |
_aHD 38.7 _bB163 2024 |
||
| 100 |
_aBairan, Bonifacio P. _e[author] |
||
| 245 |
_aFundamentals of business analytics _cDr. Bonifacio P. Bairan |
||
| 260 |
_aManila : _bUnlimited Books Library Services & Publishing Inc. _cc2024 |
||
| 300 |
_axii, 308 pages ; _c26cm. |
||
| 504 | _aIncludes bibliographical references. | ||
| 650 | _aBusiness intelligence. | ||
| 650 | _aBusiness analytics. | ||
| 650 | _aManagement information systems. | ||
| 942 |
_2lcc _cBK |
||
| 999 |
_c367434 _d367434 |
||